|
|
|
|
| LEADER |
01791nam a2200337 u 4500 |
| 001 |
10058999 |
| 003 |
upatras |
| 005 |
20240115133328.0 |
| 008 |
061222m1992 gr 1 gre d |
| 020 |
|
|
|a 9607043170
|q (τ.1)
|
| 040 |
|
|
|a GR-PaULI
|b gre
|c GR-PaULI
|e AACR2
|
| 041 |
0 |
|
|a gre
|
| 082 |
0 |
4 |
|2 ΕΕΒ
|a 938.482
|
| 082 |
0 |
4 |
|a 190.495
|
| 100 |
1 |
|
|a Δημαράς, Κωνσταντίνος Θ.,
|d 1904-1992
|e συγγραφέας
|9 27780
|
| 245 |
1 |
0 |
|a Ιστορικά φροντίσματα /
|c Κ. Θ. Δημαράς ; εκδοτική φροντίδα Πόπη Πολέμη.
|
| 260 |
|
|
|a Αθήνα :
|b Πορεία,
|c 1992.
|
| 300 |
|
|
|a 1 τ. :
|b εικ. ;
|c 24 εκ.
|
| 504 |
|
|
|a Περιέχει βιβλιογραφικές παραπομπές και ευρετήριο.
|
| 505 |
0 |
|
|a τ.1. Ο Διαφωτισμός και το κορύφωμά του. - 328 σ. - 1992.
|
| 600 |
1 |
0 |
|a Κοραής, Αδαμάντιος,
|d 1748-1833
|9 52826
|
| 650 |
|
4 |
|a Διαφωτισμός
|z Ελλάδα
|9 11630
|
| 651 |
|
4 |
|a Ελλάδα
|x Ιστορία
|y 1453-1821
|9 51915
|
| 700 |
1 |
|
|a Πολέμη, Πόπη,
|d 1958-
|e επιμελήτρια
|9 12535
|
| 852 |
|
|
|a GR-PaULI
|b ΠΑΤΡΑ
|b ΘΕΑΤΡΟΛΟΓΙΑ
|k ΑΣΧΕ-3
|h 190.495 ΔΗΜ
|m 006818
|p 025000010171
|t 2
|3 τ.1
|
| 852 |
|
|
|a GR-PaULI
|b ΠΑΤΡΑ
|b ΠΤΔΕ
|k ΑΣΧΕ
|h 938.482 ΔΗΜ
|m 3889
|p 025000034155
|t 1
|3 τ.1
|
| 942 |
|
|
|2 ddc
|c BK15
|
| 952 |
|
|
|0 0
|1 0
|3 τ.1
|4 0
|6 190_495000000000000_ΔΗΜ
|7 0
|9 55779
|a THST
|b THST
|d 2016-04-24
|i 006818
|l 0
|o 190.495 ΔΗΜ
|p 025000010171
|r 2016-04-24 00:00:00
|t 2
|w 2016-04-24
|y BK15
|
| 952 |
|
|
|0 0
|1 0
|3 τ.1
|4 0
|6 938_482000000000000_ΔΗΜ
|7 0
|9 55780
|a PTDE
|b PTDE
|d 2016-04-24
|i 3889
|l 0
|o 938.482 ΔΗΜ
|p 025000034155
|r 2016-04-24 00:00:00
|t 1
|w 2016-04-24
|y BK15
|
| 998 |
|
|
|c ΤΣΕΝΕ
|d 2006-12
|
| 999 |
|
|
|c 35386
|d 35386
|